Países más jóvenes del mundo - Estadísticas

Estadísticas generales
  • Esta prueba ha sido intentada 90 veces
  • La puntuación promedio es 6 de 10
Estadísticas de respuestas
País Año % Correcto
Sudán del Sur 2011
88%
Kosovo 2008
84%
Montenegro 2006
75%
Serbia 2006
71%
Croacia 1995
61%
Eslovaquia 1993
50%
República Checa 1993
45%
Timor Oriental 2002
36%
Eritrea 1993
24%
Palaos 1994
20%
No se encontraron pruebas coincidentes
Distribución de puntuación
Porcentaje de gente con cada puntuación
Porcentaje por número respondido
Historial de tus puntuaciones
No has intentado esta prueba.